01189nam a2200229 i 4500001000700000003000900007005001700016007000300033008004100036020001800077080002600095100002400121245012500145260006800270300002800338505041900366651003300785700002900818710004300847852002400890852004500914130090ES-MaACL20230906193634.0t|070718m19671986sp a |||| | spa d a84-00-06435-6 a946.52"07/14"(093.35)1 aZurita, Jerónimo.10aAnales de la Corona de Aragón / ccompuestos por Jerónimo Zurita ; edición preparada por Ángel Canellas López. aZaragoza : bInstitución Fernando el Católico, c1967-1986. a9 v. : bil. ; c24 cm.8 a1. Libros primero, segundo y tercero 2. Libros cuarto y quinto 3. Libros sexto y séptimo 4. Libros octavo, noveno y décimo 5. Libros undécimo, duodécimo, decimotercero 6. Libros decimocuarto, decimoquinto 7. Libros decimosexto, decimoséptimo, decimoctavo 8. Libros decimonoveno, vigésimo 9. Indices analíticos de los Anales de la Corona de Aragón de Jerónimo Zurita / por Ángel Canellas López 4aAragón (Reino)-xHistoria.1 aCanellas López, Angel.2 aInstitución "Fernando el Católico" aES-MaACLjG-1545-53 aES-MaACLjP-1160 z.-Los primeros 4 vol.